| 000 -LEADER |
| fixed length control field |
00774cam a2200217Mi 4500 |
| 020 ## - INTERNATIONAL STANDARD BOOK NUMBER |
| ISBN |
9783658142193 |
| 020 ## - INTERNATIONAL STANDARD BOOK NUMBER |
| ISBN |
3658142197 |
| 040 ## - CATALOGING SOURCE |
| Transcribing agency |
EBLCP |
| 082 04 - DEWEY DECIMAL CLASSIFICATION NUMBER |
| Classification number |
629 RUA 2014 C161 Or. |
| 245 10 - TITLE STATEMENT |
| Title |
7th International Munich Chassis Symposium 2016 : |
| Remainder of title |
chassis.tech plus / |
| 300 ## - PHYSICAL DESCRIPTION |
| Number of Pages |
1 online resource (xxxi, 957 pages) : |
| Other physical details |
illustrations. |
| 490 1# - SERIES STATEMENT |
| Series statement |
Proceedings |
| 500 ## - GENERAL NOTE |
| General note |
4.4 EHCB-Bremssystem |
| 650 #0 - SUBJECT ADDED ENTRY--TOPICAL TERM |
| Topical Term |
Automobiles |
| 700 1# - ADDED ENTRY--PERSONAL NAME |
| Personal name |
Pfeffer, Peter E., |
| 710 2# - ADDED ENTRY--CORPORATE NAME |
| Corporate name or jurisdiction name as entry element |
Ohio Library and Information Network. |
| 856 40 - ELECTRONIC LOCATION AND ACCESS |
| Uniform Resource Identifier |
http://rave.ohiolink.edu/ebooks/ebc/9783658142193 |
| 856 40 - ELECTRONIC LOCATION AND ACCESS |
| Uniform Resource Identifier |
http://link.springer.com/10.1007/978-3-658-14219-3 |
| 856 40 - ELECTRONIC LOCATION AND ACCESS |
| Uniform Resource Identifier |
http://proxy.ohiolink.edu:9099/login?url=http://link.springer.com/10.1007/978-3-658-14219-3 |
| 942 ## - ADDED ENTRY ELEMENTS (KOHA) |
| Koha item type |
ADB |
| 952 ## - LOCATION AND ITEM INFORMATION (KOHA) |
| Withdrawn status [LOCAL, KOHA] |
0 |